Geometría / (Registro nro. 7128)

Detalles MARC
000 -LEADER
fixed length control field 01227nam a22002657a 4500
003 - CONTROL NUMBER IDENTIFIER
control field OSt
005 - DATE AND TIME OF LATEST TRANSACTION
control field 20210208144555.0
008 - FIXED-LENGTH DATA ELEMENTS--GENERAL INFORMATION
fixed length control field 210208s1998 mx ado|gr|||| 00| 0 spa d
020 ## - INTERNATIONAL STANDARD BOOK NUMBER
International Standard Book Number 968442807
040 ## - CATALOGING SOURCE
Original cataloging agency CO-JMCR
Transcribing agency CO-JMCR
041 1# - LANGUAGE CODE
Language code of text/sound track or separate title spa
Language code of original eng
082 04 - DEWEY DECIMAL CLASSIFICATION NUMBER
Classification number 516 /
Item number C642g
Edition number 23
100 1# - MAIN ENTRY--PERSONAL NAME
Personal name Clemens, Stanley R..,
Relator term autor
9 (RLIN) 13144
245 10 - TITLE STATEMENT
Title Geometría /
Statement of responsibility, etc. Stanley R. Clemens, Phares G. O´Daffer
250 ## - EDITION STATEMENT
Edition statement Primera edición
260 ## - PUBLICATION, DISTRIBUTION, ETC.
Place of publication, distribution, etc. México :
Name of publisher, distributor, etc. Person Addison Wesley,
Date of publication, distribution, etc. 1998
300 ## - PHYSICAL DESCRIPTION
Extent vii, 600 páginas :
Other physical details ilustraciones, gráficos y fotografías a blanco y nebro ;
Dimensions 23 cm.
490 ## - SERIES STATEMENT
Series statement Serie ;
-- AWLI
505 0# - FORMATTED CONTENTS NOTE
Formatted contents note Definiciones y construcción -- Razonamiento en geometría -- Triángulos y congruencia -- Pruebas de teoremas mediante propiedades básicas -- Rectas y planos paralelos -- Triángulos -- Más sobre triángulos -- Cuadriláteros y polígonos -- Semejanza -- Círculos -- Área y perímetro -- Solidos -- Transformaciones y simetría -- Geometría de coordenadas
650 24 - SUBJECT ADDED ENTRY--TOPICAL TERM
Topical term or geographic name entry element Geometría.
9 (RLIN) 13147
650 24 - SUBJECT ADDED ENTRY--TOPICAL TERM
Topical term or geographic name entry element Geometría de coordenadas
9 (RLIN) 13148
650 24 - SUBJECT ADDED ENTRY--TOPICAL TERM
Topical term or geographic name entry element Triángulos
General subdivision paralelas
-- Cuadriláteros
9 (RLIN) 13149
700 1# - ADDED ENTRY--PERSONAL NAME
Personal name O´Daffer, Phares,
Relator term autor
9 (RLIN) 13150
942 ## - ADDED ENTRY ELEMENTS (KOHA)
Source of classification or shelving scheme Dewey Decimal Classification
Koha item type Books
Existencias
Withdrawn status Lost status Source of classification or shelving scheme Damaged status Not for loan Home library Current library Shelving location Date acquired Source of acquisition Total Checkouts Full call number Barcode Date last seen Date last checked out Copy number Price effective from Koha item type
    Dewey Decimal Classification     Biblioteca Pública José María del Castillo y Rada Biblioteca Pública José María del Castillo y Rada General Stacks 10/02/2020 Donación 2 516 / C642g 201810468 12/04/2024 12/04/2024 Ej.1 10/02/2020 Books